|
|
|
|
| LEADER |
01124cam a2200253 7i4500 |
| 001 |
0000021590 |
| 005 |
20080916090000.0 |
| 022 |
0 |
0 |
|a 1394-8741
|
| 090 |
0 |
0 |
|a M 333.7932025
|b FED
|
| 110 |
2 |
0 |
|a Federation of Malaysian Manufacturers (FMM)
|
| 245 |
2 |
0 |
|a FMM-MATRADE industry directory electrical & electronics Malaysia 2007/08.
|
| 250 |
0 |
0 |
|a 3rd ed.
|
| 260 |
0 |
0 |
|a [S.l]:
|b Federation of Malaysian Manufacturers,
|c 2007.
|
| 300 |
# |
# |
|a 302 p.
|
| 650 |
0 |
0 |
|a Electrical industries --
|x Directories --
|z Malaysia
|
| 650 |
0 |
0 |
|a Electronic industries --
|x Directories --
|z Malaysia
|
| 651 |
0 |
0 |
|a Malaysia
|
| 999 |
|
|
|a JHR000103H
|b Directories
|c Malaysia
|e MATRADE Southern Regional Office
|
| 999 |
|
|
|a PNG000797H
|b Directories
|c Malaysia
|e MATRADE Northern Regional Office
|
| 999 |
|
|
|a SBH000779H
|b Directories
|c Malaysia
|e MATRADE Sabah
|
| 999 |
|
|
|a SRW000206H
|b Directories
|c Malaysia
|e MATRADE Sarawak
|
| 999 |
|
|
|a TRG000059H
|b Directories
|c Malaysia
|e MATRADE Eastern Regional Office
|
| 999 |
|
|
|a TRG000096H
|b Directories
|c Malaysia
|e MATRADE Eastern Regional Office
|
| 999 |
|
|
|a TRG000097H
|b Directories
|c Malaysia
|e MATRADE Eastern Regional Office
|